000 00478nam a2200133Ia 4500
008 100328s9999 xx 000 0 und d
082 _b66470
100 _aमथुरे सुरेस.
245 _aआपले भारतीय शास्त्रज्ञ.
260 _bमाुराज.
630 _aआपले भारतीय शास्त्रज्ञ.
730 _aआपले भारतीय शास्त्रज्ञ.
942 _cBOOK
999 _c552209
_d552206